|
|
|
|
| LEADER |
00000cam a2200000 7i4500 |
| 001 |
0000128017 |
| 005 |
20090318.0 |
| 020 |
|
|
|a 9789833825677
|
| 090 |
0 |
0 |
|a 337.3
|b ABD
|
| 100 |
0 |
|
|a Abdullah Fahim
|
| 245 |
1 |
0 |
|a Bencana alam
|c Abdullah Fahim
|
| 260 |
|
|
|a Subang Jaya :
|b Kota Ilmiah ,
|c 2009
|
| 300 |
|
|
|a 60p. ;
|c 30cm.
|
| 490 |
0 |
|
|a Siri Selamatkan Bumi Kita
|
| 650 |
0 |
0 |
|a Natural disasters
|x Juvenile literature
|
| 999 |
|
|
|a 00225098
|b BUKU
|c JUNIOR BOOKS
|e PERPUSTAKAAN KOMUNITI PETALING JAYA
|
| 999 |
|
|
|a 00278701
|b BUKU
|c JUNIOR BOOKS
|e PERPUSTAKAAN KOMUNITI CAW TAMAN MEDAN
|
| 999 |
|
|
|a 00278706
|b BUKU
|c JUNIOR BOOKS
|e PERPUSTAKAAN KOMUNITI CAW TAMAN MEDAN
|